| 000 | 01123nam a2200229 i 4500 | ||
|---|---|---|---|
| 001 | 27170 | ||
| 003 | ES-MaACL | ||
| 005 | 20250731034202.0 | ||
| 008 | 030113m19661968mx |||| | spa d | ||
| 100 | 1 |
_aAzaña, Manuel, _d1880-1940 _924223 |
|
| 245 | 1 | 0 |
_aObras completas / _cManuel Azaña ; [compilación, prefacio, prólogo y bibliografía Juan Marichal]. |
| 250 | _a1ª ed. | ||
| 260 |
_aMéxico : _bOasis, _c1966-1968. |
||
| 300 |
_a4 v. ; _c24 cm. |
||
| 500 | _aVer las conferencias digitalizadas de esta obra. | ||
| 505 | 8 | _aContiene: 1. Escritos juveniles ; De historia y política francesa y española ; Creación literaria - 2. Una política ; En el poder y en la oposición - 3. La recuperación del ideal republicano ; La guerra de España y su significado ; Textos misceláneos ; Escritos juveniles y cartas familiares ; Diarios íntimos y cuadernillos de apuntes - 4. Memorias políticas y de guerra | |
| 505 | 8 | _aEn v. 1: El Ateneo | |
| 610 | 2 | 4 |
_aAteneo de Madrid- _vHistoria- _vRelatos personales _91926 |
| 700 | 1 |
_aMarichal, Juan. _976700 |
|
| 852 |
_aES-MaACL _jE-6477-80 |
||
| 999 |
_c27170 _d27170 |
||